00997 2200229 4500001002100000005001500021035002000036007000300056008004100059020002200100082001000122084001600132100003100148245008500179250000600264260003000270300004800300700003500348650002900383520033800412990001700750INLIS00000000000126820260505100806 a0010-1023000088ta260505 c 0 ind  a978-602-341-072-9 a567.9 a567.9 HAS v0 aHasna Nelfia ( Pengarang )1 aVelociraptor :bsi pelari kencang /cHasna Nelfia ; ilustrasi, Sugeng Supriyadi a- aJakarta :bBestari,c2016 a24 :bilus. ; gambar berwarna ;c20.5 cme-0 aSugeng Supriyadi ( Ilustrasi ) 4aKomik - Bacaan anak-anak aJulukan si Pelari Kencang memang pantas diberikan kepada Velociraptor Ia dapat berlari dengan kecepatan 50 km jam Dengan kemampuannya berlari itu ia dapat dengan mudah mengejar sang mangsa Hal itu sangat membantunya untuk menjadi hewan karnivora yang cukup ganas Ia senang berburu Protoceratops dan dinosaurus pemakan tanaman lainnya a00117/K/2019